| 000 | 00718nam a2200193 i 4500 | ||
|---|---|---|---|
| 001 | 23364 | ||
| 003 | ES-MaACL | ||
| 005 | 20230906152846.0 | ||
| 007 | t| | ||
| 008 | 021210s1903 sp ||||1| spa d | ||
| 100 | 1 |
_aAlvarez de Ayllón, Pedro. _920750 |
|
| 245 | 1 | 0 |
_aComedia Tibalda / _cPerálvarez de Ayllón y Luis Hurtado de Toledo ; ahora por primera vez publicada según la forma original por Adolfo Bonilla y San Martín. |
| 260 |
_aBarcelona ; _aMadrid : _b[s.n., _c1903] ( _fTipografía L'Arene) |
||
| 300 |
_aXI, 78 p. ; _c18 cm. |
||
| 700 | 1 |
_aHurtado de Toledo, Luis. _964793 |
|
| 700 | 1 |
_aBonilla y San Martín, Adolfo, _d1875-1926 _930193 |
|
| 852 |
_aES-MaACL _jF-13557 |
||
| 999 |
_c23364 _d23364 |
||